Word Ladder: Jot It Down! Quiz Stats

 Plays Quiz Updated Jun 19, 2014

Support Sporcle.
Go Orange.
Score 0/18 Timer 02:00
0 Plays Today
Hint 4-Letter Word % Correct
♪ SWEET AND ____♪ SOUR ♪
91.7%
____ Wayne, IndianaFORT
87.2%
♪ JUNGLE ____♪ BOOK ♪
86.4%
Tined toolFORK
83.1%
Not anyNONE
82.9%
SulkPOUT
82%
DecantPOUR
81.8%
♪ ATTACK OF THE 40 ____ WOMAN ♪♪ FOOT ♪
80.6%
Brit's trunkBOOT
78%
Hint 4-Letter Word % Correct
Pugilistic encounterBOUT
74.5%
Birch ____ canoeBARK
61%
♪ RIVERSIDE ♪♪ BANK ♪
60.9%
Malleus, incus, or stapes, e.g.BONE
60.8%
Odd news websiteFARK
56.7%
He found HawaiiCOOK
56.1%
NemesisBANE
56%
Pond dabblerCOOT
50.3%
♪ COMMON BOND ♪♪ NOTE ♪
25.4%

Today's Daily Dose

You're not logged in!

Compare scores with friends on all Sporcle quizzes.
OR
Log In

From the Vault

Highest Grossing Movies (1997)

by manonthemoon

Ah 1997, when Nic Cage's Rotten Tomatoes score was somehow above 25.
Remove Ads.
Support Sporcle.
Get the best of Sporcle when you Go Orange. This ad-free experience offers more features, more stats, and more fun while also helping to support Sporcle. Thank you for becoming a member.

Show Comments

Extras

Top Quizzes Today


Score Distribution

Your Account Isn't Verified!

In order to create a playlist on Sporcle, you need to verify the email address you used during registration. Go to your Sporcle Settings to finish the process.

Report this User

Report this user for behavior that violates our Community Guidelines.

Details: